| 000 | 00730nam a2200241Ia 4500 | ||
|---|---|---|---|
| 001 | 9568 | ||
| 003 | GE_BSU | ||
| 008 | 181216s||||||||xx |||||||||||||| ||und|| | ||
| 020 | _a9785991619042 | ||
| 040 | _cGE_BSU | ||
| 080 | _a547(075.8) | ||
| 100 | _aКнязев,Д.А. Смарыгин,С.Н. | ||
| 245 | _aНеорганическая химия | ||
| 245 | _bУч-к для бакалавров | ||
| 260 | _aМосква | ||
| 260 | _bЮрайт | ||
| 260 | _c2014 | ||
| 300 | _a592стр.22 см. | ||
| 520 | _aКнига доступна в электронной библиотечной системе biblio-inline.ru | ||
| 541 | _h94л. | ||
| 653 | _aНеорганическая химия | ||
| 942 | _cBK | ||
| 999 |
_c42860 _d42860 |
||